[Event "IECG WC.2012.P.00005 email"]
[Site "IECG email"]
[Date "2008.02.15"]
[Round "?"]
[White "Feldmann, Guido"]
[Black "Singer, Gerhard"]
[Result "1-0"]
[WhiteElo "2176"]
[BlackElo "1908"]
[PlyCount "75"]
[EventDate "2008.02.15"]
[EventType "tourn (corr)"]
[EventRounds "10"]
[SourceTitle "Corr 2024"]
[Source "ChessBase"]
[SourceDate "2023.10.19"]
[SourceVersion "1"]
[SourceVersionDate "2023.10.19"]
[SourceQuality "1"]

1. e4 c5 2. Ne2 Nc6 3. Nbc3 e6 4. d4 cxd4 5. Nxd4 Nf6 6. Ndb5 d6 7. Bf4 e5 8. Bg5 a6 9. Na3 b5 10. Bxf6 Qxf6 11. Nd5 Qd8 12. Bxb5 axb5 13. Nxb5 Ra7 14. Nxa7 Nxa7 15. a4 Be7 16. b4 0-0 17. b5 Be6 18. c4 Qa5+ 19. Qd2 Bd8 20. Qxa5 Bxa5+ 21. Ke2 Nc8 22. Rhd1 Rd8 23. Rab1 Kf8 24. b6 Bxd5 25. Rxd5 Bxb6 26. Rdb5 Bd4 27. Rb8 Re8 28. a5 Na7 29. Rxe8+ Kxe8 30. Rb7 g6 31. h4 h5 32. Rc7 Bc5 33. f3 Bd4 34. g3 Bc5 35. f4 f6 36. a6 Kf8 37. Kf3 Bd4 38. f5 1-0

[Event "IECG WC.2012.P.00005 email"]
[Site "IECG email"]
[Date "2008.02.15"]
[Round "?"]
[White "Singer, Gerhard"]
[Black "Foote, Ian"]
[Result "1-0"]
[WhiteElo "1908"]
[BlackElo "1970"]
[PlyCount "33"]
[EventDate "2008.02.15"]
[EventType "tourn (corr)"]
[EventRounds "10"]
[SourceTitle "Corr 2024"]
[Source "ChessBase"]
[SourceDate "2023.10.19"]
[SourceVersion "1"]
[SourceVersionDate "2023.10.19"]
[SourceQuality "1"]

1. d4 Nf6 2. c4 e6 3. Nf3 d5 4. Nc3 c6 5. e3 Nbd7 6. Bd3 dxc4 7. Bxc4 b5 8. Bd3 Bb7 9. 0-0 a6 10. e4 c5 11. d5 Qc7 12. dxe6 fxe6 13. Bc2 c4 14. Nd4 Nc5 15. Be3 e5 16. Nf5 g6 17. Bg5 1-0

[Event "IECG WC.2012.P.00005 email"]
[Site "IECG email"]
[Date "2008.02.15"]
[Round "?"]
[White "Singer, Gerhard"]
[Black "Mohand Oussaid, Malik"]
[Result "1-0"]
[WhiteElo "1908"]
[BlackElo "2167"]
[PlyCount "45"]
[EventDate "2008.02.15"]
[EventType "tourn (corr)"]
[EventRounds "10"]
[SourceTitle "Corr 2024"]
[Source "ChessBase"]
[SourceDate "2023.10.19"]
[SourceVersion "1"]
[SourceVersionDate "2023.10.19"]
[SourceQuality "1"]

1. d4 Nf6 2. c4 e6 3. Nc3 c5 4. d5 exd5 5. cxd5 d6 6. Nf3 Be7 7. e4 Nbd7 8. Be2 0-0 9. 0-0 a6 10. a4 Qc7 11. Qc2 Re8 12. Bf4 Bf8 13. Nd2 g6 14. Rac1 Ne5 15. h3 b6 16. Bh2 Bb7 17. f4 Ned7 18. Nc4 Rad8 19. Rcd1 Nb8 20. e5 Nfd7 21. Ne4 dxe5 22. fxe5 Bg7 23. e6 1-0

[Event "IECG WC.2010.P.00018 email"]
[Site "IECG email"]
[Date "2006.06.05"]
[Round "?"]
[White "Cuomo, Salvatore"]
[Black "Singer, Gerhard"]
[Result "0-1"]
[WhiteElo "1741"]
[BlackElo "1600"]
[PlyCount "86"]
[EventDate "2006.06.05"]
[EventType "tourn (corr)"]
[EventRounds "6"]
[SourceTitle "Corr 2008"]
[Source "ChessBase"]
[SourceDate "2008.06.24"]
[SourceVersion "1"]
[SourceVersionDate "2008.06.24"]
[SourceQuality "1"]

1. d4 Nf6 2. c4 e6 3. Nf3 b6 4. a3 Bb7 5. Nc3 d5 6. cxd5 Nxd5 7. Qc2 Nxc3 8. bxc3 Nd7 9. e4 c5 10. Bd3 Qc7 11. Qb1 Be7 12. 0-0 0-0 13. e5 h6 14. Be3 Rfd8 15. Rc1 Nf8 16. Be4 Rac8 17. a4 cxd4 18. cxd4 Qd7 19. Bxb7 Qxb7 20. Qb5 Rxc1+ 21. Rxc1 Rc8 22. Rxc8 Qxc8 23. h4 Qc7 24. h5 Nd7 25. Bf4 Qb7 26. Nd2 a6 27. Qe2 b5 28. axb5 axb5 29. Qg4 Kf8 30. Qg3 Qd5 31. Qc3 Kg8 32. Be3 Bf8 33. Qb3 Nb6 34. f3 Qc6 35. Ne4 Nd5 36. Nc5 b4 37. Kf2 Qb5 38. Nd3 Be7 39. g3 Qa6 40. Bc1 Nc3 41. Nf4 Qa7 42. Qc4 Qa1 43. Bb2 Qxb2+ 0-1

[Event "IECG WC.2010.P.00018 email"]
[Site "IECG email"]
[Date "2006.06.05"]
[Round "?"]
[White "Gladis, Daniel"]
[Black "Singer, Gerhard"]
[Result "1-0"]
[WhiteElo "1999"]
[BlackElo "1600"]
[PlyCount "73"]
[EventDate "2006.06.05"]
[EventType "tourn (corr)"]
[EventRounds "6"]
[SourceTitle "Corr 2008"]
[Source "ChessBase"]
[SourceDate "2008.06.24"]
[SourceVersion "1"]
[SourceVersionDate "2008.06.24"]
[SourceQuality "1"]

1. e4 d6 2. d4 Nf6 3. Nc3 g6 4. f4 Bg7 5. Nf3 0-0 6. Be3 b6 7. Bd3 c5 8. h3 cxd4 9. Bxd4 Bb7 10. Qd2 Nc6 11. Bf2 Rc8 12. 0-0-0 Nb4 13. Bd4 Nxd3+ 14. Qxd3 Re8 15. Rhe1 Bh6 16. Be3 Nh5 17. f5 Bg7 18. Bd4 Nf6 19. g4 Nd7 20. Bxg7 Kxg7 21. Kb1 Nc5 22. Qd2 Qd7 23. h4 h6 24. g5 h5 25. Nd4 Kg8 26. Qe3 Rf8 27. Nd5 Rfe8 28. Rf1 b5 29. a3 Rf8 30. Rf4 Bxd5 31. exd5 a5 32. Rdf1 b4 33. Nc6 Rce8 34. axb4 axb4 35. fxg6 f5 36. gxf6 exf6 37. Qf3 1-0

[Event "IECG CC.2006.0.00130 email"]
[Site "IECG email"]
[Date "2006.02.11"]
[Round "?"]
[White "Kaupat, Thomas"]
[Black "Singer, Gerhard"]
[Result "0-1"]
[WhiteElo "1670"]
[BlackElo "1600"]
[PlyCount "24"]
[EventDate "2006.02.11"]
[EventType "tourn (corr)"]
[EventRounds "6"]
[SourceTitle "Corr 2024"]
[Source "ChessBase"]
[SourceDate "2023.10.19"]
[SourceVersion "1"]
[SourceVersionDate "2023.10.19"]
[SourceQuality "1"]

1. d4 Nf6 2. Bg5 Ne4 3. Bf4 c5 4. f3 Qa5+ 5. c3 Nf6 6. Nd2 cxd4 7. Nb3 Qb6 8. Qxd4 Nc6 9. Qxb6 axb6 10. Nd4 e5 11. Nxc6 exf4 12. Nd4 d5 0-1

[Event "IECG CC.2006.0.00130 email"]
[Site "IECG email"]
[Date "2006.02.11"]
[Round "?"]
[White "Singer, Gerhard"]
[Black "McDonald, Graham R"]
[Result "1/2-1/2"]
[WhiteElo "1600"]
[BlackElo "1712"]
[PlyCount "39"]
[EventDate "2006.02.11"]
[EventType "tourn (corr)"]
[EventRounds "6"]
[SourceTitle "Corr 2008"]
[Source "ChessBase"]
[SourceDate "2008.06.24"]
[SourceVersion "1"]
[SourceVersionDate "2008.06.24"]
[SourceQuality "1"]

1. d4 Nf6 2. c4 e5 3. dxe5 Ng4 4. Nf3 Bc5 5. e3 Nc6 6. Be2 Ngxe5 7. 0-0 0-0 8. Nc3 Nxf3+ 9. Bxf3 Ne5 10. Be2 Re8 11. b3 a5 12. Bb2 Ra6 13. Qd5 Ba7 14. Ne4 Rh6 15. Bxe5 c6 16. Bf6 gxf6 17. Qf5 Bb8 18. Ng3 d5 19. Qf3 f5 20. cxd5 1/2-1/2

[Event "IECG CC.2006.0.00130 email"]
[Site "IECG email"]
[Date "2006.02.11"]
[Round "?"]
[White "Suarez, Ron"]
[Black "Singer, Gerhard"]
[Result "0-1"]
[WhiteElo "1717"]
[BlackElo "1600"]
[PlyCount "126"]
[EventDate "2006.02.11"]
[EventType "tourn (corr)"]
[EventRounds "6"]
[SourceTitle "Corr 2008"]
[Source "ChessBase"]
[SourceDate "2008.06.24"]
[SourceVersion "1"]
[SourceVersionDate "2008.06.24"]
[SourceQuality "1"]

1. e4 d6 2. d4 Nf6 3. Nc3 g6 4. Be3 c6 5. h3 Bg7 6. Qd2 Qa5 7. Nf3 Nbd7 8. Bd3 0-0 9. 0-0 e5 10. a4 Re8 11. dxe5 dxe5 12. Nb1 Qd8 13. a5 a6 14. Rd1 Qe7 15. Qc3 Nh5 16. Nbd2 Nf4 17. Nc4 Nc5 18. Bxc5 Qxc5 19. Nb6 Qxc3 20. bxc3 Rb8 21. Nxc8 Rbxc8 22. Bc4 Rc7 23. Rab1 h6 24. Ne1 Bf8 25. h4 Bc5 26. Kf1 Nh5 27. Nd3 Ba7 28. Ke2 Nf6 29. Kf3 Kg7 30. g4 Ree7 31. Rd2 Rcd7 32. Bb3 Rd8 33. Rdd1 h5 34. g5 Nd7 35. Bc4 Nc5 36. Nxc5 Rxd1 37. Rxd1 Bxc5 38. Rd8 Ba7 39. Bb3 Bc5 40. Ba2 Rc7 41. Kg3 Be7 42. Rd1 Kf8 43. f4 exf4+ 44. Kxf4 Ke8 45. Bc4 Bd8 46. Ra1 Rd7 47. Bd3 Bc7+ 48. Kf3 Ke7 49. c4 Be5 50. Ra3 Kd6 51. Bf1 Kc7 52. Rd3 Rxd3+ 53. cxd3 Bc3 54. c5 Bd4 55. Kf4 Kd8 56. Bh3 Bxc5 57. Ke5 Bb4 58. Kf6 Ke8 59. Ke5 Bxa5 60. Bc8 b5 61. Bb7 Be1 62. Bxc6+ Ke7 63. d4 b4 0-1

[Event "IECG TE.2005.P.01805 email"]
[Site "IECG email"]
[Date "2005.03.24"]
[Round "?"]
[White "Bardos, Istvan"]
[Black "Singer, Gerhard"]
[Result "1/2-1/2"]
[WhiteElo "2243"]
[BlackElo "1600"]
[PlyCount "56"]
[EventDate "2005.03.24"]
[EventType "tourn (corr)"]
[EventRounds "8"]
[SourceTitle "Corr 2008"]
[Source "ChessBase"]
[SourceDate "2008.06.24"]
[SourceVersion "1"]
[SourceVersionDate "2008.06.24"]
[SourceQuality "1"]

1. d4 Nf6 2. c4 c5 3. d5 b5 4. Nf3 e6 5. Bg5 Qa5+ 6. Qd2 Qxd2+ 7. Nbxd2 bxc4 8. e4 Be7 9. Bxc4 d6 10. 0-0 h6 11. Bxf6 Bxf6 12. dxe6 Bxe6 13. Bxe6 fxe6 14. Nc4 Ke7 15. Rfd1 Rd8 16. e5 dxe5 17. Rxd8 Kxd8 18. Nfxe5 Kc7 19. Kf1 Nc6 20. Nd3 Bd4 21. Re1 Kd7 22. b3 Rf8 23. Re4 g5 24. h4 Rf5 25. hxg5 hxg5 26. Ke2 Ke7 27. Ne3 Bxe3 28. fxe3 Kd6 1/2-1/2

[Event "IECG TE.2005.P.01805 email"]
[Site "IECG email"]
[Date "2005.03.24"]
[Round "?"]
[White "Rosenkoetter, David"]
[Black "Singer, Gerhard"]
[Result "0-1"]
[WhiteElo "1000"]
[BlackElo "1600"]
[PlyCount "64"]
[EventDate "2005.03.24"]
[EventType "tourn (corr)"]
[EventRounds "8"]
[SourceTitle "Corr 2008"]
[Source "ChessBase"]
[SourceDate "2008.06.24"]
[SourceVersion "1"]
[SourceVersionDate "2008.06.24"]
[SourceQuality "1"]

1. d4 Nf6 2. c4 c5 3. d5 b5 4. Nf3 Bb7 5. e3 d6 6. b3 g6 7. cxb5 Bg7 8. Bb2 Bxd5 9. Bd3 0-0 10. 0-0 Nbd7 11. Nbd2 Bb7 12. e4 Nxe4 13. Bxg7 Nxd2 14. Qxd2 Kxg7 15. Qe3 Nf6 16. h3 Re8 17. Ng5 Rc8 18. Be2 d5 19. Qg3 e5 20. Qh4 h6 21. Nf3 Ne4 22. Qxd8 Rcxd8 23. Rac1 f5 24. Bd3 Nd6 25. Be2 Rc8 26. Nd2 d4 27. Bc4 e4 28. Kh2 f4 29. Rce1 e3 30. fxe3 fxe3 31. Nf3 Nxc4 32. bxc4 Rcd8 0-1

[Event "IECG TE.2005.P.01805 email"]
[Site "IECG email"]
[Date "2005.03.24"]
[Round "?"]
[White "Singer, Gerhard"]
[Black "Bardos, Istvan"]
[Result "1/2-1/2"]
[WhiteElo "1600"]
[BlackElo "2243"]
[PlyCount "84"]
[EventDate "2005.03.24"]
[EventType "tourn (corr)"]
[EventRounds "8"]
[SourceTitle "Corr 2008"]
[Source "ChessBase"]
[SourceDate "2008.06.24"]
[SourceVersion "1"]
[SourceVersionDate "2008.06.24"]
[SourceQuality "1"]

1. d4 Nf6 2. c4 c5 3. d5 b5 4. Nf3 g6 5. cxb5 a6 6. bxa6 Bxa6 7. Nc3 d6 8. g3 Bg7 9. e4 Bxf1 10. Kxf1 0-0 11. Kg2 Nbd7 12. Re1 Qb6 13. h3 Rfb8 14. Re2 Qb7 15. Bf4 Ra6 16. Qd2 Nb6 17. b3 Ne8 18. Rb1 Rba8 19. Rb2 Nd7 20. Bh6 Bh8 21. Rc2 Ne5 22. Nxe5 Bxe5 23. Qd3 Nc7 24. h4 Rb6 25. h5 Rb4 26. hxg6 hxg6 27. Re1 Rd4 28. Qe2 e6 29. dxe6 Nxe6 30. Rd2 Rxd2 31. Bxd2 Nd4 32. Qc4 Bg7 33. Bf4 Qd7 34. Qd5 Ra6 35. a4 Qg4 36. e5 g5 37. Be3 dxe5 38. Rh1 Qf5 39. Rh5 Bf6 40. Bxd4 cxd4 41. Ne4 Kg7 42. f3 Qe6 1/2-1/2